[Event "SUI-chT"]
[Site "Switzerland"]
[Date "2017.04.23"]
[Round "3.8"]
[White "Pluess, Peter"]
[Black "Paleologu, Vladimir"]
[Result "0-1"]
[WhiteElo "2201"]
[BlackElo "2162"]
[PlyCount "100"]
[EventDate "2017.03.19"]
[EventType "team-swiss"]
[EventRounds "9"]
[EventCountry "SUI"]
[SourceTitle "EXT 2018"]
[Source "ChessBase"]
[SourceDate "2017.10.13"]
[SourceVersion "1"]
[SourceVersionDate "2017.10.13"]
[SourceQuality "1"]
[WhiteTeam "Bodan"]
[BlackTeam "Mendrisio"]
[WhiteTeamCountry "SUI"]
[BlackTeamCountry "SUI"]

1. d4 d6 2. g3 g6 3. Bg2 Bg7 4. e4 c5 5. Ne2 Bg4 6. dxc5 Qa5+ 7. c3 dxc5 8. h3 Bd7 9. 0-0 Nc6 10. Nd2 Rd8 11. Qc2 Qc7 12. Nc4 Nf6 13. f4 0-0 14. Ne3 e5 15. f5 Ne7 16. g4 g5 17. Nd5 Nexd5 18. exd5 h6 19. c4 b5 20. Rd1 bxc4 21. Qxc4 Rb8 22. Nc3 Rb4 23. Qe2 e4 24. Be3 Rfb8 25. Rd2 Bf8 26. Rc1 Qe5 27. Rcc2 Bd6 28. a3 Rb3 29. Kf1 R3b6 30. Qc4 Qe7 31. Re2 Bc8 32. b4 Ba6 33. b5 Rxb5 34. Nxb5 Bxb5 35. Qc3 Nxd5 36. Qd2 Nf4 37. Bxf4 gxf4 38. Kg1 Bxe2 39. Qxe2 f3 40. Qe3 fxg2 41. Qxh6 Be5 42. Kxg2 Bg7 43. Qf4 Re8 44. g5 Qe5 45. Kg3 e3 46. Re2 Qxf4+ 47. Kxf4 Be5+ 48. Kg4 Bd4 49. h4 Re4+ 50. Kh5 Kg7 0-1

[Event "SUI-chT"]
[Site "Switzerland"]
[Date "2013.10.13"]
[Round "9.6"]
[White "Marciano, David"]
[Black "Pluess, Peter"]
[Result "1-0"]
[WhiteElo "2505"]
[BlackElo "2206"]
[PlyCount "47"]
[EventDate "2013.03.17"]
[EventType "team-tourn"]
[EventRounds "9"]
[EventCountry "SUI"]
[SourceTitle "EXT 2014"]
[Source "ChessBase"]
[SourceDate "2013.11.20"]
[SourceVersion "1"]
[SourceVersionDate "2013.11.20"]
[SourceQuality "1"]
[WhiteTeam "Reti"]
[BlackTeam "Bodan"]
[WhiteTeamCountry "SUI"]
[BlackTeamCountry "SUI"]

1. e4 c5 2. c3 d5 3. exd5 Qxd5 4. d4 e6 5. Nf3 cxd4 6. cxd4 Nf6 7. Nc3 Qd6 8. Ne5 Nc6 9. Bb5 Bd7 10. 0-0 Nxd4 11. Nxd7 Nxd7 12. Be3 Nc6 13. Qa4 Nc5 14. Qc4 Rc8 15. Rad1 Qe5 16. Rfe1 a6 17. Bxc6+ Rxc6 18. Bf4 Qf6 19. Nd5 Qxb2 20. Nc7+ Rxc7 21. Bxc7 Be7 22. Rb1 Qd2 23. Bb6 Qd3 24. Rec1 1-0

[Event "SUI-chT"]
[Site "Switzerland"]
[Date "2013.05.26"]
[Round "3.8"]
[White "Bauert, Ralph"]
[Black "Pluess, Peter"]
[Result "1/2-1/2"]
[WhiteElo "2235"]
[BlackElo "2206"]
[PlyCount "82"]
[EventDate "2013.03.17"]
[EventType "team-tourn"]
[EventRounds "9"]
[EventCountry "SUI"]
[SourceTitle "EXT 2014"]
[Source "ChessBase"]
[SourceDate "2013.11.20"]
[SourceVersion "1"]
[SourceVersionDate "2013.11.20"]
[SourceQuality "1"]
[WhiteTeam "Wollishofen"]
[BlackTeam "Bodan"]
[WhiteTeamCountry "SUI"]
[BlackTeamCountry "SUI"]

1. Nf3 c5 2. c4 Nf6 3. g3 b6 4. Bg2 Bb7 5. 0-0 e6 6. Nc3 Be7 7. d4 cxd4 8. Qxd4 0-0 9. Rd1 Ne8 10. e4 Qc8 11. e5 d6 12. Bf4 Nc6 13. Qd2 dxe5 14. Bxe5 Nxe5 15. Nxe5 Bxg2 16. Kxg2 Nd6 17. b3 Qb7+ 18. Kg1 Rad8 19. Qe2 Nf5 20. Qf3 Qxf3 21. Nxf3 Bf6 22. Rxd8 Rxd8 23. Rd1 Rxd1+ 24. Nxd1 Kf8 25. Kf1 Ke7 26. Ke2 Kd6 27. Kd3 h6 28. Nc3 Bxc3 29. Kxc3 e5 30. b4 Ne7 31. Nd2 f5 32. f3 Nc6 33. Nb3 g5 34. g4 fxg4 35. fxg4 Ke6 36. a3 Nb8 37. Kd3 Nd7 38. h3 Nf6 39. c5 Kd5 40. cxb6 axb6 41. a4 h5 1/2-1/2

[Event "SUI-chT"]
[Site "Switzerland"]
[Date "2009.09.05"]
[Round "6.8"]
[White "Pluess, Peter"]
[Black "Salvetti, Alec"]
[Result "1-0"]
[WhiteElo "2174"]
[BlackElo "2271"]
[PlyCount "123"]
[EventDate "2009.02.22"]
[EventType "team-tourn"]
[EventRounds "9"]
[EventCountry "SUI"]
[SourceTitle "EXT 2011"]
[Source "ChessBase"]
[SourceDate "2010.11.26"]
[SourceVersion "1"]
[SourceVersionDate "2010.11.26"]
[SourceQuality "1"]
[WhiteTeam "Bodan"]
[BlackTeam "Mendrisio"]
[WhiteTeamCountry "SUI"]
[BlackTeamCountry "SUI"]

1. d4 Nf6 2. g3 c5 3. dxc5 e6 4. Bg2 Bxc5 5. Nh3 d5 6. c4 Qa5+ 7. Nd2 dxc4 8. 0-0 Qa6 9. Qc2 Nc6 10. Qxc4 Qxc4 11. Nxc4 e5 12. Ng5 h6 13. Ne4 Nxe4 14. Bxe4 Be6 15. Bxc6+ bxc6 16. Be3 Bd4 17. Bxd4 exd4 18. Na5 Bd5 19. Rfc1 Kd7 20. a3 Rhe8 21. Kf1 Rab8 22. b4 Rb5 23. Rc2 Kc7 24. Rac1 Re6 25. Rd2 Re4 26. Rdc2 Re6 27. Rc5 Rxc5 28. Rxc5 g5 29. Nc4 a6 30. Nb2 Bb3 31. Ke1 Bd5 32. Kd2 Rf6 33. f3 Re6 34. Nd3 f6 35. a4 Bb3 36. a5 Ba4 37. Rc4 Rd6 38. Rc5 Bb5 39. Nb2 Re6 40. Nc4 Kd8 41. h4 Ke8 42. h5 Ke7 43. g4 Kd8 44. Kd3 Re3+ 45. Kxd4 Rxe2 46. Na3 Rd2+ 47. Ke4 Ba4 48. Kf5 Rd3 49. Nc4 Rxf3+ 50. Kg6 Ke7 51. Kxh6 Rf4 52. Kg7 Bc2 53. Ne3 Bd3 54. Rxc6 Rf3 55. Nf5+ Bxf5 56. gxf5 g4 57. Re6+ Kd7 58. Rxf6 g3 59. h6 Ke7 60. Re6+ Kd7 61. Rg6 Rxf5 62. h7 1-0

[Event "SUI-chT"]
[Site "Switzerland"]
[Date "2009.04.26"]
[Round "3.6"]
[White "Heimann, Andreas"]
[Black "Pluess, Peter"]
[Result "1-0"]
[WhiteElo "2389"]
[BlackElo "2174"]
[PlyCount "53"]
[EventDate "2009.02.22"]
[EventType "team-tourn"]
[EventRounds "9"]
[EventCountry "SUI"]
[SourceTitle "EXT 2011"]
[Source "ChessBase"]
[SourceDate "2010.11.26"]
[SourceVersion "1"]
[SourceVersionDate "2010.11.26"]
[SourceQuality "1"]
[WhiteTeam "Reichenstein"]
[BlackTeam "Bodan"]
[WhiteTeamCountry "SUI"]
[BlackTeamCountry "SUI"]

1. e4 c5 2. Nf3 e6 3. d4 cxd4 4. Nxd4 a6 5. c4 Nf6 6. Nc3 d6 7. Be2 Nbd7 8. 0-0 b6 9. Be3 Bb7 10. f3 Be7 11. Qd2 0-0 12. a4 Rc8 13. a5 bxa5 14. Nb3 Nb6 15. Nxa5 Ba8 16. Rfd1 Qc7 17. b4 Rfd8 18. Rab1 Ne8 19. Rdc1 Bf6 20. Bf1 Rb8 21. Qf2 Nd7 22. Na4 Rdc8 23. c5 dxc5 24. Bxa6 Rd8 25. Nxc5 Rxb4 26. Rxb4 Nxc5 27. Rxc5 1-0